Bangladesh : (Record no. 1726)
[ view plain ]
| 000 -LEADER | |
|---|---|
| fixed length control field | 00903cam a2200265 i 4500 |
| 001 - CONTROL NUMBER | |
| control field | 1726 |
| 003 - CONTROL NUMBER IDENTIFIER | |
| rucl marc code | BD-RjUL |
| 005 - DATE AND TIME OF LATEST TRANSACTION | |
| control field | 20211208233410.0 |
| 008 - FIXED-LENGTH DATA ELEMENTS--GENERAL INFORMATION | |
| fixed length control field | 160620s1977 cou b 00110 eng |
| 020 ## - INTERNATIONAL STANDARD BOOK NUMBER | |
| International Standard Book Number | 089158546X : |
| 035 ## - SYSTEM CONTROL NUMBER | |
| System control number | (BD-RjUL)1753 |
| 040 ## - CATALOGING SOURCE | |
| Original cataloging agency | DLC |
| Transcribing agency | DLC |
| Modifying agency | m.c. |
| -- | BOS |
| -- | BD-RjUL |
| Language of cataloging | eng |
| 041 ## - LANGUAGE CODE | |
| Language code of text/sound track or separate title | eng |
| 082 ## - DEWEY DECIMAL CLASSIFICATION NUMBER | |
| Edition number | 16 |
| Classification number | 330.95492 |
| Author mark and year | FAB 1977 |
| 090 ## - LOCALLY ASSIGNED LC-TYPE CALL NUMBER (OCLC); LOCAL CALL NUMBER (OCLC) | |
| Classification number (OCLC) (R) ; Classification number, CALL (RLIN) (NR) | HC440.8 |
| Local cutter number (OCLC) ; Book number/undivided call number, CALL (RLIN) | .F3 |
| 100 10 - MAIN ENTRY--PERSONAL NAME | |
| Personal name | Faaland, Just. |
| 9 (RLIN) | 5715 |
| 245 10 - TITLE STATEMENT | |
| Title | Bangladesh : |
| Remainder of title | the test case of development / |
| Statement of responsibility, etc. | Just Faaland and J. R. Parkinson. |
| 260 ## - PUBLICATION, DISTRIBUTION, ETC. (IMPRINT) | |
| Place of publication, distribution, etc. | Boulder, Colo. : |
| Name of publisher, distributor, etc. | Westview Press , |
| Date of publication, distribution, etc. | 1976-1977 |
| 300 ## - PHYSICAL DESCRIPTION | |
| Pagination | xi, 203 p. ; |
| Size | 23 cm. |
| 504 ## - BIBLIOGRAPHY, ETC. NOTE | |
| Bibliography, etc | Includes index. |
| 651 #0 - SUBJECT ADDED ENTRY--GEOGRAPHIC NAME | |
| Geographic name | Bangladesh |
| General subdivision | Economic conditions. |
| 9 (RLIN) | 5716 |
| 700 10 - ADDED ENTRY--PERSONAL NAME | |
| Personal name | Parkinson, J. R. |
| Fuller form of name | (John Richard) |
| Relator term | joint author. |
| 856 ## - ELECTRONIC LOCATION AND ACCESS | |
| Uniform Resource Identifier | <a href="http://www.worldcat.org/title/bangladesh-the-test-case-of-development/oclc/2005917&referer=brief_results">http://www.worldcat.org/title/bangladesh-the-test-case-of-development/oclc/2005917&referer=brief_results</a> |
| 942 ## - ADDED ENTRY ELEMENTS (KOHA) | |
| Source of classification or shelving scheme | Dewey Decimal Classification |
| Koha item type | Books |
| Lost status | Source of classification or shelving scheme | Damaged status | Not for loan | Collection code | Permanent Location | Current Location | Shelving location | Date acquired | Source of acquisition | Cost, normal purchase price | Total Checkouts | Full call number | Date last seen | Copy number | Koha item type |
|---|---|---|---|---|---|---|---|---|---|---|---|---|---|---|---|
| Dewey Decimal Classification | Non-fiction | Central Library, University of Rajshahi | Central Library, University of Rajshahi | 18/08/1984 | A. B. A. Cal. | 55.00 | 330.95492 FAB 1977 | 08/12/2013 | C-2 | Books | |||||
| Dewey Decimal Classification | Not For Loan | Non-fiction | Central Library, University of Rajshahi | Central Library, University of Rajshahi | Reading Room | 18/08/1984 | A. B. A. Cal. | 55.00 | 330.95492 FAB 1977 | 12/12/2013 | C-1 | Books | |||
| Dewey Decimal Classification | Non-fiction | Central Library, University of Rajshahi | Central Library, University of Rajshahi | 18/08/1984 | A. B. A. Cal. | 55.00 | 330.95492 FAB 1976 | 20/06/2016 | C-3 | Books | |||||
| Dewey Decimal Classification | Non-fiction | Central Library, University of Rajshahi | Central Library, University of Rajshahi | 18/08/1984 | A. B. A. Cal. | 55.00 | 330.95492 FAB 1976 | 20/06/2016 | C-4 | Books | |||||
| Dewey Decimal Classification | Non-fiction | Central Library, University of Rajshahi | Central Library, University of Rajshahi | 18/08/1984 | A. B. A. Cal. | 55.00 | 330.95492 FAB 1976 | 20/06/2016 | C-5 | Books | |||||
| Dewey Decimal Classification | Non-fiction | Central Library, University of Rajshahi | Central Library, University of Rajshahi | 29/08/1976 | Dac. Abdullah al mahmood | 12.00 | 330.95492 FAB 1976 | 25/09/2016 | C-6 | Books |